| 000 | 00474nam a22001697a 4500 | ||
|---|---|---|---|
| 005 | 20251108165308.0 | ||
| 008 | 250721s1981 xx 000 0 ara d | ||
| 082 | 1 | 4 | _a956.52/أحم |
| 100 | 1 | _aرائف، أحمد | |
| 245 | 1 | 0 | _aالطريق إلى القدس / |
| 264 | 1 |
_aعمان : _bجمعية العروه الوثقى، _c1981. |
|
| 300 | _a32ص | ||
| 650 | 1 | 7 | _aتاريخ القدس |
| 650 | 1 | 7 | _aالمدن العربية |
| 942 |
_2ddc _cBK |
||
| 999 |
_c24409 _d24409 |
||